| 000 | 00707nam a22002292 4500 | ||
|---|---|---|---|
| 001 | 20862 | ||
| 003 | BD-RjUL | ||
| 005 | 20211209000624.0 | ||
| 008 | 140302t1966 n 001 0 eng d | ||
| 035 | _a(BD-RjUL)20924 | ||
| 040 |
_aLQS _cLQS _dIOX _dEQO _dBD-RjUL _beng |
||
| 041 | _aeng | ||
| 082 | 0 | 4 |
_a808.1 _bZIA 1966 |
| 090 |
_aPN1042 _b.Z49 1967 |
||
| 100 | 1 |
_aZillman, Lawrence John, _d1902-1990. _964436 |
|
| 245 | 1 | 4 |
_aThe art and craft of poetry : _ban introduction / _cby Lawrence John Zillman. |
| 260 |
_aNew York : _bCollier Books, _c c1966. |
||
| 300 |
_aix, 274 p. : _bill. ; _c20 cm. |
||
| 504 | _aincludes Bibliographical reference and index. | ||
| 650 | 0 |
_aPoetics. _964437 |
|
| 942 |
_2ddc _cBK |
||
| 999 |
_c20862 _d20862 |
||